Caricamento...

School ekankangal /

Dettagli Bibliografici
Autore principale: Raghavan Nambiyar, K. M.
Natura: Printed Book
Lingua:Malayalam
Pubblicazione: Kottayam: Sahitya Pravarthaka Co-operative Society, 2012.
Soggetti:
LEADER 00666 a2200181 4500
008 151008b xxu||||| |||| 00| 0 mal d
999 |c 105899  |d 105899 
020 |a 9789382654476 
082 |a 852.49R1 
100 |a Raghavan Nambiyar, K. M. 
245 |a School ekankangal /  |c K. M. Raghavan Nambiyar. 
260 |c 2012.  |b Sahitya Pravarthaka Co-operative Society,  |a Kottayam: 
300 |a 136p. ;  |c 22 cm. 
546 |a in Malayalam 
650 |a Malayalam drama 
942 |2 ddc  |c BK 
600 |a Raghavan Nambiyar, K. M. 
952 |0 0  |1 0  |4 0  |6 852_000000000000000_49R1_SCH_M  |7 0  |9 109138  |a UL  |b UL  |c ST1  |d 2014-11-13  |e 2  |g 66.50  |l 2  |o 852.49R1 SCH M  |p 93021  |r 2021-11-09  |s 2021-10-25  |v 95.00  |y BK